000 00530nam a2200205 i 4500
001 bg
100 1 _aVOLF, Milos B.
245 0 _aChemical approach to glass /
_cMilos B. Volf.
260 _aAmsterdam :
_bElsevier,
_c1984.
490 1 _aGlass Science and Technology ;
_v7
650 9 _aSzkło
_xchemia
830 _aGlass Science and Technology ;
020 _a0444996354
040 _cBPK
041 _apol
080 _a666.1/.2
920 _a0-444-99635-4
942 _cKS
008 s pl f |000 0 pol
999 _c23713
_d23713
856 _uhttp://koha.tu.koszalin.pl/cgi-bin/koha/opac-detail.pl?biblionumber=23713
_yKatalog online BPK